00564nam a2200193Ia 4500008004100000020001800041082001500059100002900074245002000103250000600123260003300129300001700162500002400179650001400203700003400217942000700251952009500258999001700353230524s9999 xx 000 0 und d a9788126553433 a620.1bMUN a"Munson, Okiishi"942809 0aFluid Mechanics a7 aNew DelhibWiley Indiac2015 a"XVII,714p;" aQuantity Number: 1 aMechanics a" Huebsch , Rothmayer"942810 cBK 00104070aTATCLbTATCLcGENd2023-05-24l0o620.1 MUNp54097r2023-05-24w2023-05-24yBK c57784d57784